[Event "4NCL Online Division 2"]
[Site "online"]
[Date "2020.09.08"]
[Round "2.141"]
[White "Twine, David"]
[Black "Mercier, Pierre-Adelin"]
[Result "0-1"]
[WhiteElo "2050"]
[BlackElo "1943"]
[PlyCount "76"]
[EventDate "2020.09.08"]
[WhiteTeam "Plymouth 1"]
[BlackTeam "Gonzaga Cing is Believing"]

1. e4 d6 2. d4 Nf6 3. Nc3 g6 4. f4 Bg7 5. Nf3 c5 6. Bd3 cxd4 7. Nxd4 O-O 8. Nf3
Bg4 9. h3 Bxf3 10. Qxf3 Nc6 11. Be3 Rc8 12. O-O a6 13. g4 b5 14. Ne2 Nb4 15.
Rfc1 Nd7 16. Bd4 Bxd4+ 17. Nxd4 Qb6 18. Qf2 e5 19. Ne2 Qxf2+ 20. Kxf2 Nc5 21.
Ke3 Rfe8 22. f5 d5 23. a3 d4+ 24. Kf3 Nbxd3 25. cxd3 Nxd3 26. Rxc8 Rxc8 27. b4
Kg7 28. g5 f6 29. h4 Nb2 30. Ra2 Rc2 31. Nc1 Rxc1 32. Rxb2 Rc3+ 33. Ke2 Rxa3
34. Kd2 Rh3 35. Rc2 Rh2+ 36. Kd3 Rxc2 37. Kxc2 gxf5 38. exf5 e4 0-1

[Event "4NCL Online Division 2"]
[Site "online"]
[Date "2020.09.08"]
[Round "2.142"]
[White "Mirza, Diana"]
[Black "Brooks, Paul"]
[Result "1/2-1/2"]
[WhiteElo "1939"]
[BlackElo "1862"]
[PlyCount "50"]
[EventDate "2020.09.08"]
[WhiteTeam "Gonzaga Cing is Believing"]
[BlackTeam "Plymouth 1"]

1. d4 d5 2. Nf3 Nf6 3. e3 c5 4. b3 cxd4 5. exd4 Nc6 6. Bb2 Bg4 7. Be2 e6 8.
Nbd2 Bd6 9. O-O O-O 10. h3 Bf5 11. a3 Qc7 12. Nh4 Be4 13. Nxe4 Nxe4 14. Qd3 f5
15. c4 b6 16. Rac1 Rac8 17. Nf3 a5 18. cxd5 exd5 19. Ne5 Qb7 20. Qb5 Nxe5 21.
dxe5 Rxc1 22. Rxc1 Bc5 23. Rf1 Ng3 24. Rc1 Ne4 25. Rf1 Ng3 1/2-1/2

[Event "4NCL Online Division 2"]
[Site "online"]
[Date "2020.09.08"]
[Round "2.143"]
[White "Wilby, Robert G"]
[Black "O'neill, Sam"]
[Result "0-1"]
[WhiteElo "1675"]
[BlackElo "1889"]
[PlyCount "78"]
[EventDate "2020.09.08"]
[WhiteTeam "Plymouth 1"]
[BlackTeam "Gonzaga Cing is Believing"]

1. d4 Nf6 2. e3 d5 3. Bd3 c5 4. c3 cxd4 5. exd4 Nc6 6. f4 Bg4 7. Nf3 e6 8. O-O
Ne4 9. Qc2 Bxf3 10. Rxf3 f5 11. Nd2 Bd6 12. Nf1 O-O 13. Be3 Rc8 14. a3 Rf6 15.
Rh3 Qc7 16. Qc1 Na5 17. Nd2 Nxd2 18. Bxd2 Nb3 19. Qe1 Nxa1 20. Qxa1 Bxf4 21.
Qc1 Bxd2 22. Qxd2 Qb6 23. Kh1 Qd6 24. g4 Rcf8 25. gxf5 exf5 26. Qf2 Rh6 27. Rf3
f4 28. Bf1 Qe6 29. Qd2 g5 30. b3 Rhf6 31. Qg2 h6 32. h3 Re8 33. c4 Kh8 34. Bd3
dxc4 35. bxc4 Qe1+ 36. Kh2 Re3 37. Bf1 Rxf3 38. Qxf3 Rb6 39. Bg2 Rb1 0-1

[Event "4NCL Online Division 2"]
[Site "online"]
[Date "2020.09.08"]
[Round "2.144"]
[White "Cullen, Ben"]
[Black "Wood, Paul E"]
[Result "1-0"]
[WhiteElo "1888"]
[BlackElo "1592"]
[PlyCount "73"]
[EventDate "2020.09.08"]
[WhiteTeam "Gonzaga Cing is Believing"]
[BlackTeam "Plymouth 1"]

1. d4 Nf6 2. c4 d5 3. Nf3 g6 4. g3 Bg7 5. Bg2 c6 6. O-O O-O 7. b3 Nbd7 8. Bb2
e6 9. Qc2 Rb8 10. a4 Re8 11. Nbd2 a5 12. Rfe1 b6 13. Rad1 Ba6 14. e4 c5 15. Ne5
Nxe5 16. dxe5 Nxe4 17. Nxe4 d4 18. f4 Bb7 19. Nd6 Bxg2 20. Qxg2 Re7 21. Rd3 Qd7
22. Bc1 h6 23. h4 Kh7 24. Qe4 Rf8 25. h5 f5 26. hxg6+ Kxg6 27. Qf3 Rh8 28. Kf2
Bf8 29. g4 fxg4 30. Qxg4+ Kh7 31. Rg3 Rg7 32. Qf3 Bxd6 33. Qe4+ Kg8 34. Rxg7+
Kxg7 35. Rg1+ Kf8 36. exd6 Qxd6 37. Qa8+ 1-0

[Event "4NCL Online Division 2"]
[Site "online"]
[Date "2020.09.08"]
[Round "2.151"]
[White "Adams, Mark"]
[Black "Alizada, Eldar"]
[Result "1/2-1/2"]
[WhiteElo "1944"]
[BlackElo "2027"]
[PlyCount "63"]
[EventDate "2020.09.08"]
[WhiteTeam "The Full Ponty"]
[BlackTeam "Schach Attack"]

1. e4 e6 2. d4 d5 3. Nc3 dxe4 4. Nxe4 Nd7 5. Nf3 Ngf6 6. Nxf6+ Nxf6 7. c3 Be7
8. Ne5 O-O 9. Bd3 c5 10. Be3 Qc7 11. Qf3 b6 12. O-O Bb7 13. Qe2 Rfd8 14. Rad1
cxd4 15. Bxd4 Bc5 16. Bxc5 Qxc5 17. Rfe1 Rd5 18. Bc2 Rad8 19. Rxd5 Rxd5 20. h3
Qd6 21. Nf3 Qd8 22. Bb3 Rd6 23. Ne5 Bd5 24. Bxd5 Rxd5 25. Nf3 h6 26. c4 Rd3 27.
b3 Qd6 28. Qe5 Qxe5 29. Nxe5 Rd2 30. a3 Nd7 31. Nxd7 Rxd7 32. Kf1 1/2-1/2

[Event "4NCL Online Division 2"]
[Site "online"]
[Date "2020.09.08"]
[Round "2.152"]
[White "Handley, Michael R"]
[Black "Jones, Ian Robert"]
[Result "0-1"]
[WhiteElo "2080"]
[BlackElo "1944"]
[PlyCount "124"]
[EventDate "2020.09.08"]
[WhiteTeam "Schach Attack"]
[BlackTeam "The Full Ponty"]

1. d4 d6 2. Nf3 Nc6 3. g3 e5 4. dxe5 Nxe5 5. Nxe5 dxe5 6. Qxd8+ Kxd8 7. Bg2 c6
8. O-O Be6 9. b3 f6 10. c4 h5 11. h4 Nh6 12. Nc3 Kc7 13. Bb2 Nf7 14. Rac1 Rd8
15. Rfd1 Rxd1+ 16. Rxd1 Be7 17. Bc1 g5 18. hxg5 Nxg5 19. Be3 b6 20. f4 Nh3+ 21.
Bxh3 Bxh3 22. Kh2 Bg4 23. Kg2 h4 24. gxh4 Rxh4 25. fxe5 fxe5 26. Bg1 Bb4 27.
Kg3 Be7 28. Kg2 Bf5 29. Bh2 Bd6 30. Bg3 Rh7 31. Rh1 Rxh1 32. Kxh1 Kd7 33. Kg2
Ke6 34. Kf2 Bc5+ 35. Kf3 Bd4 36. Ne4 Bg6 37. e3 Bh5+ 38. Kf2 Bb2 39. Ke1 Bc1
40. Bf2 Ba3 41. Bh4 Bb4+ 42. Nd2 Kf5 43. Bd8 Bg4 44. Bh4 b5 45. cxb5 cxb5 46.
Bd8 a5 47. Bh4 a4 48. bxa4 bxa4 49. Bg3 e4 50. a3 Bxa3 51. Kf2 Bc5 52. Nc4 a3
53. Nxa3 Bxa3 54. Bb8 Bc5 55. Bf4 Ke6 56. Bh6 Kd5 57. Bf4 Kc4 58. Bh6 Kd3 59.
Bf4 Be7 60. Kg3 Bf3 61. Bh6 Ke2 62. Bf4 Bc5 0-1

[Event "4NCL Online Division 2"]
[Site "online"]
[Date "2020.09.08"]
[Round "2.153"]
[White "Fletcher, John"]
[Black "Moyse, Nigel John"]
[Result "1-0"]
[WhiteElo "1994"]
[BlackElo "2036"]
[PlyCount "199"]
[EventDate "2020.09.08"]
[WhiteTeam "The Full Ponty"]
[BlackTeam "Schach Attack"]

1. e4 d6 2. d4 Nf6 3. Nc3 g6 4. Be2 Bg7 5. g4 c5 6. g5 Nfd7 7. d5 a6 8. a4 a5
9. h4 Na6 10. h5 Nc7 11. Nb5 Nb6 12. c4 Nxb5 13. axb5 e6 14. hxg6 hxg6 15.
Rxh8+ Bxh8 16. Ra3 Bd4 17. Nf3 e5 18. Nxd4 exd4 19. Qd2 Nd7 20. Qf4 Qe7 21. Bd2
Ne5 22. Qh4 d3 23. Qh8+ Kd7 24. Bxd3 Nf3+ 25. Kd1 Nxd2 26. Kxd2 Qxg5+ 27. Kc2
Qf4 28. Qh3+ Ke7 29. Qg3 Qxg3 30. fxg3 b6 31. Ra1 Bd7 32. Rh1 Kf6 33. Kd2 Kg7
34. Ke3 Re8 35. Kf4 f6 36. Kf3 Re5 37. Rh2 Rg5 38. Rh4 Re5 39. Rh2 Re7 40. Rh1
Re8 41. Rh2 Rf8 42. Rh1 f5 43. exf5 gxf5 44. Kf4 Rf6 45. Rh5 Rf7 46. Rg5+ Kf8
47. Bxf5 Ke7 48. g4 Bxf5 49. Rxf5 Rh7 50. Rh5 Rf7+ 51. Kg5 Rf2 52. Rh7+ Kf8 53.
Rd7 Rxb2 54. Rxd6 a4 55. Rxb6 a3 56. Ra6 a2 57. d6 Kf7 58. b6 Rxb6 59. Rxa2
Rxd6 60. Rf2+ Kg7 61. Rf5 Rc6 62. Rd5 Rc7 63. Kh5 Kh7 64. g5 Kg7 65. Kg4 Rc6
66. Kf5 Kf7 67. Rd7+ Kg8 68. g6 Kf8 69. Rf7+ Kg8 70. Kg5 Kh8 71. Kh6 Kg8 72.
Rd7 Rc8 73. Rb7 Kh8 74. Rb5 Kg8 75. Rb6 Kh8 76. g7+ Kg8 77. Rf6 Re8 78. Rc6 Rd8
79. Rc7 Rd6+ 80. Kg5 Rd4 81. Rxc5 Kxg7 82. Kf5 Kf7 83. Ke5 Rd1 84. Rd5 Rc1 85.
Kd4 Ke7 86. Kc5 Rb1 87. Kc6 Rh1 88. c5 Rh6+ 89. Kc7 Rh8 90. Re5+ Kf6 91. Re2
Kf5 92. c6 Rh7+ 93. Kb8 Rh8+ 94. Kb7 Rh3 95. c7 Rb3+ 96. Kc8 Kf6 97. Re4 Kf5
98. Rd4 Ke5 99. Rd2 Rb1 100. Kd8 1-0

[Event "4NCL Online Division 2"]
[Site "online"]
[Date "2020.09.08"]
[Round "2.154"]
[White "Burrows, Nick"]
[Black "Hughes, Anthony"]
[Result "1-0"]
[WhiteElo "2042"]
[BlackElo "1873"]
[PlyCount "59"]
[EventDate "2020.09.08"]
[WhiteTeam "Schach Attack"]
[BlackTeam "The Full Ponty"]

1. c4 f5 2. d4 e6 3. Nc3 Nf6 4. Qc2 Bb4 5. e3 b6 6. Bd3 Bb7 7. f3 c5 8. Nge2
O-O 9. O-O Nc6 10. a3 Bxc3 11. Qxc3 d6 12. b4 Qe7 13. Bb2 a6 14. Rac1 Rad8 15.
Rfe1 Nh5 16. Bb1 e5 17. b5 Na5 18. dxe5 dxe5 19. Qxe5 Qf7 20. Ng3 Nxg3 21. hxg3
axb5 22. cxb5 Rd7 23. Qc3 Rfd8 24. Kf2 Bd5 25. Rcd1 Nc4 26. Bc1 Nd6 27. a4 Bb3
28. Bc2 Ne4+ 29. fxe4 Rxd1 30. Bxb3 1-0

[Event "4NCL Online Division 2"]
[Site "online"]
[Date "2020.09.08"]
[Round "2.161"]
[White "Walkusz, Miroslaw"]
[Black "John, Joshua"]
[Result "0-1"]
[WhiteElo "1939"]
[BlackElo "2027"]
[PlyCount "84"]
[EventDate "2020.09.08"]
[WhiteTeam "Harrow 2"]
[BlackTeam "CSC 3"]

1. d4 Nf6 2. c4 e6 3. Nc3 Bb4 4. e3 O-O 5. Bd3 c5 6. Nge2 d5 7. cxd5 cxd4 8.
exd4 Nxd5 9. O-O Nc6 10. a3 Be7 11. Nxd5 Qxd5 12. Qc2 h6 13. Rd1 Rd8 14. Bh7+
Kh8 15. Be4 Qd7 16. Bf4 Qe8 17. Rac1 Bd7 18. Qb3 Na5 19. Qg3 Bc6 20. Be5 Qf8
21. Bb1 Bd6 22. Qd3 f5 23. Qc3 Bxe5 24. dxe5 Ba4 25. Rxd8 Qxd8 26. Ba2 Nc6 27.
Bxe6 Bb5 28. Nf4 Qg5 29. g3 Rd8 30. Bf7 Nd4 31. Re1 Bc6 32. Re3 Qg4 33. Bh5 Qg5
34. h3 Nb5 35. h4 Qxh5 36. Nxh5 Nxc3 37. f4 Rd1+ 38. Kf2 Ne4+ 39. Ke2 Rd2+ 40.
Ke1 Rxb2 41. g4 Bb5 42. gxf5 Rb1# 0-1

[Event "4NCL Online Division 2"]
[Site "online"]
[Date "2020.09.08"]
[Round "2.162"]
[White "Samarasinghe Jude, Ranga"]
[Black "Patel, Rishi"]
[Result "0-1"]
[WhiteElo "1924"]
[BlackElo "1891"]
[PlyCount "104"]
[EventDate "2020.09.08"]
[WhiteTeam "CSC 3"]
[BlackTeam "Harrow 2"]

1. e4 e5 2. Nf3 Nc6 3. Bc4 Bc5 4. Qe2 d6 5. c3 Nf6 6. h3 O-O 7. O-O a5 8. Rd1
Re8 9. d3 h6 10. Be3 Bxe3 11. fxe3 Bd7 12. Nbd2 Ne7 13. a4 Ng6 14. Nf1 c6 15.
Bb3 Qc7 16. Qf2 Rad8 17. Ng3 Qb6 18. Ba2 d5 19. exd5 cxd5 20. e4 Qxf2+ 21. Kxf2
Bxa4 22. Rd2 Bc6 23. Bxd5 Nxd5 24. exd5 Rxd5 25. Nf5 a4 26. Ne3 Rdd8 27. g3 Rd6
28. Nf5 Rf6 29. g4 Ne7 30. Re1 Nxf5 31. gxf5 Rxf5 32. Re3 Re6 33. Ke2 Rh5 34.
Ne1 f5 35. d4 f4 36. Rxe5 Rexe5+ 37. dxe5 Rxe5+ 38. Kf2 Re3 39. Rd3 Rxd3 40.
Nxd3 g5 41. h4 Kg7 42. h5 Kf6 43. c4 Kf5 44. c5 g4 45. Ke1 Ke4 46. Nf2+ Kf3 47.
Kf1 g3 48. Nd1 Kg4 49. Kg1 f3 50. Ne3+ Kf4 51. b4 Kxe3 52. b5 f2+ 0-1

[Event "4NCL Online Division 2"]
[Site "online"]
[Date "2020.09.08"]
[Round "2.163"]
[White "Dhemrait, Jagdeep"]
[Black "Evans, Harry G"]
[Result "0-1"]
[WhiteElo "1810"]
[BlackElo "1870"]
[PlyCount "112"]
[EventDate "2020.09.08"]
[WhiteTeam "Harrow 2"]
[BlackTeam "CSC 3"]

1. e4 c5 2. Nc3 e6 3. f4 Nc6 4. Nf3 d5 5. Bb5 a6 6. Bxc6+ bxc6 7. d3 Nf6 8. O-O
Be7 9. Qe1 O-O 10. Kh1 a5 11. h3 Ba6 12. Rg1 c4 13. e5 Nd7 14. d4 c5 15. Be3
Qc7 16. g4 Rab8 17. Rb1 cxd4 18. Bxd4 Bc5 19. Ne2 Rfe8 20. Qg3 Bxd4 21. Nfxd4
f6 22. Nf3 fxe5 23. fxe5 Nc5 24. Nc3 Rf8 25. Kg2 Rxf3 26. Kxf3 d4 27. Nd1 Qc6+
28. Ke2 Qe4+ 29. Kd2 c3+ 30. Kc1 cxb2+ 31. Rxb2 Rc8 32. Kb1 Na4 33. Qe1 Qc6 34.
Qd2 Nxb2 35. Nxb2 Qd5 36. Rd1 Qxe5 37. Qxd4 Qxd4 38. Rxd4 Rf8 39. Nc4 Rf3 40.
h4 h6 41. Nxa5 e5 42. Re4 Rf4 43. Rxe5 Rxg4 44. h5 Rg5 45. Rxg5 hxg5 46. Nc6 g4
47. Nd4 g3 48. Nf3 Kh7 49. Kb2 Kh6 50. Kb3 Kxh5 51. c4 Kg4 52. Ng1 g2 53. Kb4
Kg3 54. a4 Kh2 55. Nf3+ Kh1 56. c5 Bb7 0-1

[Event "4NCL Online Division 2"]
[Site "online"]
[Date "2020.09.08"]
[Round "2.164"]
[White "Towers, Nigel S"]
[Black "Pradeep, Verma"]
[Result "1-0"]
[WhiteElo "1858"]
[BlackElo "1401"]
[PlyCount "119"]
[EventDate "2020.09.08"]
[WhiteTeam "CSC 3"]
[BlackTeam "Harrow 2"]

1. e4 g6 2. d4 Bg7 3. Nc3 d6 4. f4 c6 5. Nf3 d5 6. e5 h5 7. Bd3 Nh6 8. Be3 Bf5
9. Ng5 e6 10. Ne2 f6 11. Nf3 fxe5 12. fxe5 O-O 13. Qd2 Bxd3 14. Bxh6 Bxe2 15.
Bxg7 Kxg7 16. Qxe2 Nd7 17. O-O c5 18. c3 Qe7 19. h4 Rf5 20. Ng5 Raf8 21. Rxf5
Rxf5 22. Rf1 Rxf1+ 23. Qxf1 cxd4 24. cxd4 Nb8 25. Qf2 Nc6 26. b3 Nd8 27. Qf4
Nf7 28. Qxf7+ Qxf7 29. Nxf7 Kxf7 30. Kf2 g5 31. Kf3 gxh4 32. g4 hxg3 33. Kxg3
Kg6 34. Kh4 Kf5 35. Kxh5 Ke4 36. Kg6 Kxd4 37. Kf6 Ke4 38. Kxe6 d4 39. Kf6 d3
40. e6 d2 41. e7 d1=Q 42. e8=Q+ Kf4 43. Qe5+ Kg4 44. Qg5+ Kh3 45. Qe3+ Kg2 46.
Qxa7 Qd6+ 47. Kf7 Qd7+ 48. Kf6 Kf3 49. Qc5 Qd8+ 50. Qe7 Qd4+ 51. Kf7 Qd5+ 52.
Kf8 Qc6 53. Qf7+ Ke3 54. Qe8+ Qxe8+ 55. Kxe8 Kd3 56. Kd7 Kc3 57. Kc7 b5 58. Kc6
Kb4 59. Kb6 Ka3 60. Kxb5 1-0

[Event "4NCL Online Division 2"]
[Site "online"]
[Date "2020.09.22"]
[Round "3.11"]
[White "Garcia, Jason"]
[Black "Friedgood, David"]
[Result "1-0"]
[WhiteElo "2028"]
[BlackElo "2188"]
[PlyCount "131"]
[EventDate "2020.09.22"]
[WhiteTeam "White Knights"]
[BlackTeam "MK Phoenix 1"]

1. Nf3 Nf6 2. c4 g6 3. b3 Bg7 4. Bb2 O-O 5. g3 d6 6. d4 e5 7. dxe5 Ng4 8. Nc3
Nxe5 9. Bg2 Nbd7 10. O-O a5 11. Qd2 Nxf3+ 12. Bxf3 Ne5 13. Bg2 a4 14. Ne4 Bd7
15. f4 Nc6 16. Bxg7 Kxg7 17. Qc3+ f6 18. b4 Qe7 19. b5 Nd8 20. Rad1 Bf5 21. Ng5
h6 22. e4 Bg4 23. Nf3 Ne6 24. Rde1 c5 25. Nh4 Nd4 26. f5 g5 27. Ng6 Qc7 28.
Nxf8 Kxf8 29. Rf2 Qe7 30. Rd2 Qe5 31. Qd3 b6 32. Rf1 Ke7 33. Rc1 Bh5 34. Kf2
Bf7 35. Rc3 h5 36. Bf3 Be8 37. Bd1 h4 38. Ra3 Bd7 39. Rxa4 hxg3+ 40. Qxg3 Rh8
41. Qxe5+ dxe5 42. Kg3 Rh4 43. Bg4 Kd6 44. Ra7 Bc8 45. a4 Rh8 46. a5 bxa5 47.
Rxa5 Kc7 48. Ra8 Rd8 49. Rb2 Bb7 50. Rxd8 Kxd8 51. Ra2 Kc7 52. Bf3 Kb6 53. Ra1
Nb3 54. Rd1 Nd4 55. Kg4 Bc8 56. h4 gxh4 57. Rh1 Nc2 58. Rxh4 Ne3+ 59. Kh5 Nxc4
60. Kg6 Nd2 61. Bg2 c4 62. Kxf6 c3 63. Kxe5 c2 64. Rh1 Nc4+ 65. Kd4 Nb2 66. Rc1
1-0

[Event "4NCL Online Division 2"]
[Site "online"]
[Date "2020.09.22"]
[Round "3.12"]
[White "Cox, Toby"]
[Black "Young, Alan"]
[Result "1-0"]
[WhiteElo "2080"]
[BlackElo "2092"]
[PlyCount "83"]
[EventDate "2020.09.22"]
[WhiteTeam "MK Phoenix 1"]
[BlackTeam "White Knights"]

1. e4 e5 2. f4 exf4 3. Nf3 g5 4. Nc3 Bg7 5. Bc4 d6 6. O-O Nc6 7. d3 h6 8. g3
Bh3 9. Rf2 Qd7 10. Kh1 fxg3 11. hxg3 Nf6 12. Ng1 Ne5 13. Nd5 Nxd5 14. Bxd5 c6
15. Bb3 O-O 16. d4 Bg4 17. Qf1 Ng6 18. Be3 Rae8 19. Qg2 d5 20. e5 Bf5 21. Kh2
g4 22. Ne2 f6 23. exf6 Rxf6 24. Bf4 Be4 25. Qf1 Qf5 26. Kg1 Bf3 27. c3 Rfe6 28.
Re1 Nxf4 29. gxf4 Qd3 30. Bd1 Re3 31. Nc1 Qe4 32. Bxf3 gxf3 33. Rxe3 Qxe3 34.
Nd3 Re6 35. Kh2 Rg6 36. Rxf3 Qe7 37. f5 Qd6+ 38. Kh3 Rg5 39. Rf4 Rh5+ 40. Kg4
Qf6 41. Ne5 Qg5+ 42. Kf3 1-0

[Event "4NCL Online Division 2"]
[Site "online"]
[Date "2020.09.22"]
[Round "3.13"]
[White "May, Adam J"]
[Black "Hunt, Peter"]
[Result "1/2-1/2"]
[WhiteElo "1950"]
[BlackElo "2065"]
[PlyCount "64"]
[EventDate "2020.09.22"]
[WhiteTeam "White Knights"]
[BlackTeam "MK Phoenix 1"]

1. d4 d5 2. Nf3 Nf6 3. g3 g6 4. Bg2 Bg7 5. O-O O-O 6. c4 dxc4 7. Na3 c6 8. Nxc4
Nbd7 9. b3 Nb6 10. Bb2 Be6 11. Qc1 Rc8 12. Rd1 Qc7 13. Ng5 Bh6 14. Nxe6 Bxc1
15. Nxc7 Bxb2 16. Nxb2 Rxc7 17. Nd3 Rd8 18. e3 Kg7 19. Rac1 e6 20. Rd2 Re7 21.
Rdc2 Nbd7 22. b4 e5 23. dxe5 Nxe5 24. Nxe5 Rxe5 25. a4 a6 26. Rb2 Kf8 27. h3 h6
28. Kf1 Rd6 29. Rbc2 Re7 30. Rb2 Re5 31. Rbc2 Re7 32. Rb2 Re5 1/2-1/2

[Event "4NCL Online Division 2"]
[Site "online"]
[Date "2020.09.22"]
[Round "3.14"]
[White "Freeman, Richard C P"]
[Black "Miga, Tomasz"]
[Result "1-0"]
[WhiteElo "2016"]
[BlackElo "1737"]
[PlyCount "111"]
[EventDate "2020.09.22"]
[WhiteTeam "MK Phoenix 1"]
[BlackTeam "White Knights"]

1. d4 d5 2. Bf4 Nf6 3. e3 e6 4. Nd2 Bd6 5. Bg3 c5 6. c3 Bxg3 7. hxg3 Qb6 8. Qb3
c4 9. Qc2 h6 10. Be2 Nc6 11. Ngf3 Bd7 12. b3 cxb3 13. axb3 Rc8 14. O-O a6 15.
Rfc1 O-O 16. Qb2 Ng4 17. c4 Nb4 18. Qa3 Nc6 19. Ne1 h5 20. Nd3 Qa7 21. Nc5 Rc7
22. Bf3 Nf6 23. Nd3 g5 24. cxd5 exd5 25. Nb4 Be6 26. Nxc6 Rxc6 27. Rxc6 bxc6
28. Qxa6 Qxa6 29. Rxa6 Rc8 30. Kf1 g4 31. Be2 c5 32. Bd3 cxd4 33. exd4 Kg7 34.
b4 Rc1+ 35. Ke2 Rc7 36. b5 Rb7 37. Nb3 Ne4 38. b6 Nc3+ 39. Kd2 Ne4+ 40. Ke3 Nd6
41. Na5 Re7 42. Kd2 Nb7 43. Ra7 Bc8 44. Nxb7 Rxb7 45. Rxb7 Bxb7 46. Kc3 Kf6 47.
Kb4 Ke6 48. Kc5 f5 49. Bb5 f4 50. Bc6 Ba6 51. b7 Bxb7 52. Bxb7 Kf5 53. Bxd5 Kg5
54. Bf7 f3 55. gxf3 gxf3 56. d5 1-0

[Event "4NCL Online Division 2"]
[Site "online"]
[Date "2020.09.22"]
[Round "3.21"]
[White "Tanmay Chopra"]
[Black "Sajanani, Vikas"]
[Result "1-0"]
[WhiteElo "2273"]
[BlackElo "1652"]
[PlyCount "35"]
[EventDate "2020.09.22"]
[WhiteTeam "Harrow 1"]
[BlackTeam "Warwick University B"]

1. d4 Nf6 2. Nf3 e6 3. Bg5 Be7 4. Nbd2 d5 5. e3 O-O 6. Bd3 Nbd7 7. c3 c5 8. Ne5
Nxe5 9. dxe5 Nd7 10. Bf4 a5 11. h4 Rb8 12. Bxh7+ Kxh7 13. Qh5+ Kg8 14. Nf3 f6
15. Ng5 fxg5 16. hxg5 Qb6 17. g6 Rxf4 18. Qh8# 1-0

[Event "4NCL Online Division 2"]
[Site "online"]
[Date "2020.09.22"]
[Round "3.22"]
[White "Ruiz Cifuentes, Daniel"]
[Black "Nettleton, Charlie B"]
[Result "0-1"]
[WhiteElo "1407"]
[BlackElo "2008"]
[PlyCount "86"]
[EventDate "2020.09.22"]
[WhiteTeam "Warwick University B"]
[BlackTeam "Harrow 1"]

1. d4 Nf6 2. c4 g6 3. Nc3 d5 4. Nf3 Bg7 5. Bf4 O-O 6. e3 c5 7. dxc5 Ne4 8. Be5
Nxc3 9. Bxc3 Bxc3+ 10. bxc3 dxc4 11. Qxd8 Rxd8 12. Bxc4 Nd7 13. O-O-O Rf8 14.
Rd5 Nf6 15. Rd4 Bf5 16. Ne5 Rac8 17. g4 Be4 18. f3 Rxc5 19. g5 Rxe5 20. gxf6
Bxf3 21. Rf1 Bc6 22. fxe7 Rxe7 23. Kd2 Kg7 24. Bd5 Bxd5 25. Rxd5 Rfe8 26. Rf3
f5 27. h4 Kf6 28. Kd3 h5 29. Rd4 Re4 30. Rd6+ R8e6 31. Rd4 Rg4 32. Rxg4 hxg4
33. Rf1 Ke5 34. Rf4 Rd6+ 35. Ke2 b5 36. a4 a6 37. Rb4 Rd5 38. c4 bxc4 39. Rxc4
a5 40. Rc6 f4 41. Rxg6 f3+ 42. Kf2 Rd2+ 43. Kg3 Rg2# 0-1

[Event "4NCL Online Division 2"]
[Site "online"]
[Date "2020.09.22"]
[Round "3.23"]
[White "Coles, Steven F"]
[Black "Bill, Vincenz"]
[Result "0-1"]
[WhiteElo "1986"]
[BlackElo "1367"]
[PlyCount "66"]
[EventDate "2020.09.22"]
[WhiteTeam "Harrow 1"]
[BlackTeam "Warwick University B"]

1. d4 Nf6 2. Bg5 Ne4 3. Bf4 d5 4. e3 e6 5. Bd3 Bd6 6. Nf3 Bxf4 7. exf4 c5 8.
Qe2 Nf6 9. dxc5 Qa5+ 10. Nbd2 O-O 11. O-O Nbd7 12. a3 Qxc5 13. c4 b6 14. Ne5
Bb7 15. Rac1 Rac8 16. Nb3 Qd6 17. Nd4 dxc4 18. Bxc4 Qxd4 19. Rfd1 Qxf4 20. Nxd7
Nxd7 21. g3 Qg5 22. h4 Qe7 23. Bb5 Rxc1 24. Rxc1 Nf6 25. Qe5 Rc8 26. Rd1 Qc5
27. Qe2 g6 28. h5 Qxh5 29. Qxh5 Nxh5 30. g4 Nf6 31. f3 Bxf3 32. Rf1 Bxg4 33.
Rxf6 Bf5 0-1

[Event "4NCL Online Division 2"]
[Site "online"]
[Date "2020.09.22"]
[Round "3.24"]
[White "Fakhoury, Ziad Oussma"]
[Black "Manmay Chopra"]
[Result "0-1"]
[WhiteElo "1247"]
[BlackElo "1610"]
[PlyCount "108"]
[EventDate "2020.09.22"]
[WhiteTeam "Warwick University B"]
[BlackTeam "Harrow 1"]

1. e4 e6 2. d4 d5 3. Nd2 Be7 4. Bd3 c5 5. c3 Nc6 6. Ne2 cxd4 7. cxd4 dxe4 8.
Nxe4 Nf6 9. O-O Nd5 10. N4c3 Nf6 11. Be3 O-O 12. Rc1 Nb4 13. Bb1 b6 14. a3 Nbd5
15. Nb5 a6 16. Nbc3 Bb7 17. Nf4 Nxc3 18. bxc3 Bxa3 19. Rc2 Bd6 20. c4 Rc8 21.
Rb2 Bxf4 22. Bxf4 Rxc4 23. Be5 g6 24. h4 Nd7 25. Bd6 Re8 26. h5 Qg5 27. f4 Qd5
28. Ba2 Qxd4+ 29. Qxd4 Rxd4 30. Be5 Nxe5 31. fxe5 Rg4 32. h6 b5 33. Rc1 Rg5 34.
Rc7 Bd5 35. Bxd5 exd5 36. Ra2 Rgxe5 37. Rxa6 Rh5 38. Rf6 Rf8 39. Rb7 Rxh6 40.
Rxb5 Rh5 41. Rd6 Kg7 42. Rdxd5 Rxd5 43. Rxd5 Re8 44. Kf2 h6 45. Kf3 g5 46. g4
Re6 47. Rd7 Rf6+ 48. Kg3 Kg6 49. Rd8 Rb6 50. Rd3 h5 51. gxh5+ Kxh5 52. Rf3 Kg6
53. Kg4 f5+ 54. Rxf5 Rb4+ 0-1

[Event "4NCL Online Division 2"]
[Site "online"]
[Date "2020.09.22"]
[Round "3.31"]
[White "Whyte, Brian G"]
[Black "Srivastava, Arnav"]
[Result "1-0"]
[WhiteElo "2048"]
[BlackElo "2027"]
[PlyCount "59"]
[EventDate "2020.09.22"]
[WhiteTeam "Malpas & Oswestry Friends"]
[BlackTeam "Poisoned Pawns"]

1. e4 e5 2. Nc3 Nc6 3. f4 exf4 4. Nf3 g5 5. h4 g4 6. Ng5 h6 7. Nxf7 Kxf7 8. d4
Qf6 9. Bc4+ Kg7 10. Nd5 Qg6 11. Bd3 Nb4 12. Bxf4 Nxd5 13. exd5 Qh5 14. Be5+ Nf6
15. O-O Be7 16. Rf4 d6 17. Bxf6+ Bxf6 18. g3 Qxd5 19. Rxg4+ Bxg4 20. Qxg4+ Kf8
21. Rf1 Ke7 22. Re1+ Kd8 23. c3 c6 24. Re6 Rf8 25. Be4 Qxa2 26. Rxd6+ Kc7 27.
Qd7+ Kb6 28. Rxc6+ bxc6 29. Qxc6+ Ka5 30. b4# 1-0

[Event "4NCL Online Division 2"]
[Site "online"]
[Date "2020.09.22"]
[Round "3.32"]
[White "Weersing, Abigail Riis"]
[Black "Altinsoy, Mehmet Nuri"]
[Result "1/2-1/2"]
[WhiteElo "1945"]
[BlackElo "2018"]
[PlyCount "59"]
[EventDate "2020.09.22"]
[WhiteTeam "Poisoned Pawns"]
[BlackTeam "Malpas & Oswestry Friends"]

1. d4 e6 2. c4 Nf6 3. Nc3 Bb4 4. Qc2 c5 5. Nf3 cxd4 6. Nxd4 Nc6 7. Nxc6 bxc6 8.
Bg5 Qa5 9. Bxf6 gxf6 10. a3 Bxc3+ 11. bxc3 Rb8 12. e3 d6 13. Bd3 Ke7 14. Be4
Ba6 15. Bd3 h5 16. h4 Rhg8 17. g3 Rb6 18. O-O Rgb8 19. Rfb1 Qc5 20. Rb4 Bc8 21.
Rab1 Bd7 22. Qa4 a5 23. R4b3 Rxb3 24. Rxb3 Rxb3 25. Qxb3 e5 26. Qb7 Ke8 27.
Qb8+ Ke7 28. Qb7 Ke8 29. Qb8+ Ke7 30. Qb7 1/2-1/2

[Event "4NCL Online Division 2"]
[Site "online"]
[Date "2020.09.22"]
[Round "3.33"]
[White "McMahon, Timothy P"]
[Black "Volovich, Julia"]
[Result "0-1"]
[WhiteElo "1997"]
[BlackElo "1937"]
[PlyCount "66"]
[EventDate "2020.09.22"]
[WhiteTeam "Malpas & Oswestry Friends"]
[BlackTeam "Poisoned Pawns"]

1. e4 e6 2. d4 d5 3. Nc3 Bb4 4. e5 c5 5. a3 Bxc3+ 6. bxc3 Qc7 7. Qg4 Ne7 8. Bd3
cxd4 9. Ne2 dxc3 10. Qxg7 Rg8 11. Qxh7 Nbc6 12. Bf4 d4 13. O-O Bd7 14. Bg3
O-O-O 15. Qe4 Nf5 16. f4 Nce7 17. Nxd4 Rxg3 18. hxg3 Nxg3 19. Qe3 Nxf1 20. Rxf1
Qb6 21. Re1 Nd5 22. Qf2 Nxf4 23. Qxf4 Bc6 24. Qxf7 Qxd4+ 25. Qf2 Qg4 26. Be2
Qa4 27. Bf3 Bxf3 28. gxf3 Rg8+ 29. Kf1 Kb8 30. Re4 Qxa3 31. Rg4 Rd8 32. Rd4
Qc1+ 33. Ke2 Qxc2+ 0-1

[Event "4NCL Online Division 2"]
[Site "online"]
[Date "2020.09.22"]
[Round "3.34"]
[White "Zheng, Harry Z"]
[Black "Taylor, Robert K"]
[Result "1-0"]
[WhiteElo "1915"]
[BlackElo "1960"]
[PlyCount "91"]
[EventDate "2020.09.22"]
[WhiteTeam "Poisoned Pawns"]
[BlackTeam "Malpas & Oswestry Friends"]

1. e4 e6 2. d4 d5 3. Nd2 Nc6 4. Ngf3 Nf6 5. e5 Nd7 6. c3 f6 7. exf6 Qxf6 8. Bd3
Be7 9. O-O O-O 10. Re1 Kh8 11. Qe2 Nb6 12. Nf1 Bd6 13. Ng3 h6 14. Bc2 Ne7 15.
Nh5 Qf7 16. Qd3 Qf5 17. Qxf5 exf5 18. Bf4 Ng6 19. Bxd6 cxd6 20. Ng3 Bd7 21. h4
Rf7 22. Ne2 Re8 23. h5 Nf8 24. Nf4 Ne6 25. Nxe6 Rxe6 26. Nh4 Kg8 27. Rxe6 Bxe6
28. Re1 Bd7 29. Ng6 a5 30. Re7 Rxe7 31. Nxe7+ Kf7 32. Nxf5 Bxf5 33. Bxf5 Na4
34. b4 Nxc3 35. bxa5 Ne2+ 36. Kf1 Nxd4 37. Bc8 Nc6 38. Bxb7 Nxa5 39. Bxd5+ Kf6
40. f4 Kf5 41. g3 Kg4 42. Kf2 Kxh5 43. Kf3 g6 44. a3 g5 45. f5 g4+ 46. Kf4 1-0